| 000 | nam a22 a 4500 | ||
|---|---|---|---|
| 999 |
_c421129 _d421129 |
||
| 003 | BLK | ||
| 005 | 20210623112141.0 | ||
| 008 | 180411b bul|||||r ||||||| ||bul|| | ||
| 010 | _aKNG00193294000 | ||
| 040 | _aBLK | ||
| 041 |
_aFRE _cFRE |
||
| 080 |
_aКласическа гръцка литература. Старогръцка литература _b821.142 _x-2 _z821.142-2 |
||
| 139 | _aTheatre d'Euripide | ||
| 245 | 1 | 0 |
_aTheatre d'Euripide _c revue J. Racine _bTraduction nouvelle _nT. 2 |
| 257 | _aFRA | ||
| 260 |
_aParis _bG. Charpentier _c1874 _9435940 |
||
| 300 |
_a464 с. _c18 см |
||
| 380 | _aX | ||
| 490 |
_9435080 _aКолекция Редки и ценни издания |
||
| 700 |
_aRacine, Jean _erev. на том _9230 |
||
| 852 |
_aРф 874 _bРц |
||
| 942 |
_cKNG _n0 _s1 |
||
| 944 |
_aCR _c2021-06-23 _kВ. Т. |
||